00900nac a22002657a 4500001001000000003000900010005001700019008003400036040005400070072001800124110007800142245012700220260003400347300001000381490009700391650002200488650002200510650001000532650001300542650000900555650001200564650001800576650002800594650001200622BR7307714BR-BrBNA20240202085437.0230509b bl.|||m| |||| 00| 0 por d aBR-BrBNAbporcBiblioteca Nacional de Agricultura aA50; F00; L001 aUnidade de Execucao de Pesquisa de Ambito Estadual de Penedo, AL (Brasil)1 aRelatorio trimestral. 3. trimestre de 1976 [Unidade de Execucao de Pesquisa de Ambito Estadual de Penedo, Alagoas, Brasil]3 aPenedo, AL (Brasil): c1976.  a14 p. aRelatorio Trimestral - Unidade de Execucao de Pesquisa de Ambito Estadual de Penedo (Brazil) aPESQUISA AGRICOLA aPESQUISA PECUARIA aARROZ aMANDIOCA aFUMO aALGODAO aGADO DE CORTE aINSTITUICAO DE PESQUISA aALAGOAS